Chemical engineering kinetics (Record no. 6589)

000 -LEADER
fixed length control field 00510nam a2200193 4500
001 - CONTROL NUMBER
control field 6589
003 - CONTROL NUMBER IDENTIFIER
control field BD-DhUET
008 - FIXED-LENGTH DATA ELEMENTS--GENERAL INFORMATION
fixed length control field 700825s1970 nyua b 001 0 eng
040 ## - CATALOGING SOURCE
Transcribing agency 0
Modifying agency BD-DhUET
Original cataloging agency DLC
082 00 - DEWEY DECIMAL CLASSIFICATION NUMBER
Classification number 541.39
Item number SMI/1970
100 ## - MAIN ENTRY--PERSONAL NAME
Personal name Smith, J. M.
245 10 - TITLE STATEMENT
Title Chemical engineering kinetics
250 ## - EDITION STATEMENT
Edition statement 2nd ed.
260 ## - PUBLICATION, DISTRIBUTION, ETC. (IMPRINT)
Place of publication, distribution, etc. New York
Name of publisher, distributor, etc. McGraw-Hill
Date of publication, distribution, etc. 1970
300 ## - PHYSICAL DESCRIPTION
Extent xviii, 612p.
Other physical details ill.
490 0# - SERIES STATEMENT
Series statement McGraw-Hill chemical engineering series
650 #0 - SUBJECT ADDED ENTRY--TOPICAL TERM
Topical term or geographic name as entry element Kinetics : Physical chemistry
942 ## - ADDED ENTRY ELEMENTS (KOHA)
Koha item type General Book
Holdings
Piece designation (barcode) Date acquired Not for loan Source of classification or shelving scheme Koha normalized classification for sorting Koha date last seen Withdrawn status Copy number Price effective from Shelving location Sublocation or collection (holding branch) Damaged status Koha full call number Lost status Location (home branch) Koha item type
845762014-12-04  541_390000000000000_SMI_19702014-12-04 12014-12-04Circulation sectionCentral Library, BUET 541.39/SMI/1970 Central Library, BUETGeneral Book
298652014-12-12  541_390000000000000_SMI_19702014-12-12 22014-12-12Circulation sectionCentral Library, BUET 541.39/SMI/1970 Central Library, BUETGeneral Book
298672014-12-12  541_390000000000000_SMI_19702014-12-12 32014-12-12Circulation sectionCentral Library, BUET 541.39/SMI/1970 Central Library, BUETGeneral Book
298632014-12-12  541_390000000000000_SMI_19702014-12-12 42014-12-12Circulation sectionCentral Library, BUET 541.39/SMI/1970 Central Library, BUETGeneral Book
298712015-03-11  541_390000000000000_SMI_19702015-03-11 52015-03-11Circulation sectionCentral Library, BUET 541.39/SMI/1970 Central Library, BUETGeneral Book
298682015-03-14  541_390000000000000_SMI_19702015-03-14 62015-03-14Circulation sectionCentral Library, BUET 541.39/SMI/1970 Central Library, BUETGeneral Book
370452015-03-14  541_390000000000000_SMI_19702015-03-14 72015-03-14Circulation sectionCentral Library, BUET 541.39/SMI/1970 Central Library, BUETGeneral Book
298692015-04-23  541_390000000000000_SMI_19702015-04-23 82015-04-23Circulation sectionCentral Library, BUET 541.39/SMI/1970 Central Library, BUETGeneral Book
298592015-04-23  541_390000000000000_SMI_19702015-04-23 92015-04-23Circulation sectionCentral Library, BUET 541.39/SMI/1970 Central Library, BUETGeneral Book
298702015-04-26  541_390000000000000_SMI_19702015-04-26 102015-04-26Circulation sectionCentral Library, BUET 541.39/SMI/1970 Central Library, BUETGeneral Book
298612015-04-26  541_390000000000000_SMI_19702015-04-26 112015-04-26Circulation sectionCentral Library, BUET 541.39/SMI/1970 Central Library, BUETGeneral Book
259672015-04-27  541_390000000000000_SMI_19702015-04-27 122015-04-27Circulation sectionCentral Library, BUET 541.39/SMI/1970 Central Library, BUETGeneral Book
298602015-04-27  541_390000000000000_SMI_19702015-04-27 132015-04-27Circulation sectionCentral Library, BUET 541.39/SMI/1970 Central Library, BUETGeneral Book
298622015-06-08  541_390000000000000_SMI_19702015-06-08 142015-06-08Reading sectionCentral Library, BUET 541.39/SMI/1970 Central Library, BUETReading Item
298662015-06-08  541_390000000000000_SMI_19702015-06-08 152015-06-08Reading sectionCentral Library, BUET 541.39/SMI/1970 Central Library, BUETReading Item
298722015-06-08  541_390000000000000_SMI_19702015-06-08 162015-06-08Reading sectionCentral Library, BUET 541.39/SMI/1970 Central Library, BUETReading Item
298642015-06-08  541_390000000000000_SMI_19702015-06-08 172015-06-08Reading sectionCentral Library, BUET 541.39/SMI/1970 Central Library, BUETReading Item